Découvrez l'oenoturisme : Barcelone c'est bienplus Barcelone c'est bienplus
Descripción Física:
[22] p. : il. ; 24 cm
MARC
| LEADER | 00000nam a2200000Ia 4500 | ||
|---|---|---|---|
| 001 | 23916 | ||
| 008 | 160829s2013 xx 000 0 cat d | ||
| 080 | |a FU-63-9 | ||
| 245 | |a Découvrez l'oenoturisme : |b Barcelone c'est bienplus | ||
| 260 | |a Barcelona : |b Diputació de Barcelona, |c 2013 | ||
| 300 | |a [22] p. : |b il. ; |c 24 cm | ||
| 590 | |a Text en francès. Hi ha un altre exemplar en català amb R. 23915 i en anglo-castellà amb R. 23914 | ||
| 650 | 0 | |a Enoturisme |v Guies |z Barcelona (Província) | |
| 651 | 0 | |a Barcelona (Catalunya : Província) |x Descripcions i viatges |9 52924 | |
| 710 | 2 | |9 51684 |a Barcelone, c'est bien plus |e Marca turística | |
| 710 | 1 | |a Barcelona (Catalunya : Província). |b Diputació |9 52408 | |
| 856 | |u barcelonaesmoltmes.cat/fr | ||
| 901 | |a Arxiu | ||
| 942 | |n 1 |2 udc | ||
| 952 | |0 0 |1 0 |4 0 |6 FU639 |7 1 |9 55474 |a Arxiu |b Arxiu |d 2016-12-01 |l 0 |o FU-63-9 |p 23916 |r 2016-12-01 00:00:00 |w 2016-12-01 |y ARXIU | ||
| 952 | |0 0 |1 0 |4 0 |5 0 |6 OTT_F0060134_37 |7 1 |8 Paper |9 59230 |a TURISME |b TURISME |d 2018-07-28 |l 0 |o OTT F.006.01-34_37 |p TURISME18070824 |r 2018-07-28 00:00:00 |t 1 |w 2018-07-28 |y TRIPTIC-F | ||
| 952 | |0 0 |1 0 |4 0 |5 0 |6 E00072 |7 0 |8 Digital |9 59231 |a TURISME |b TURISME |d 2018-07-28 |l 0 |o E.00072 |p TURISME18070825 |r 2018-07-28 00:00:00 |t 1 |u http://bibliotecageneral.diba.cat/cgi-bin/koha/opac-retrieve-file.pl?id=df24c6e269042a498e2ec98fb6680706 |w 2018-07-28 |y DE |z Accés al text complet | ||
| 999 | |c 59347 |d 59347 | ||